[Event "Titled Tuesday intern op 16th Jan Early"]
[Site "Chess.com INT"]
[Date "2024.01.16"]
[Round "5"]
[White "Aukhatov, Roman"]
[Black "Radzhabov, Rodion"]
[Result "1-0"]
[WhiteElo "2217"]
[BlackElo "2265"]
[PlyCount "59"]
[EventDate "2024.01.16"]
[EventType "swiss (blitz)"]
[EventRounds "11"]
[EventCountry "USA"]
[SourceTitle "CB04_2024"]
[SourceDate "2023.10.16"]
[SourceVersion "1"]
[SourceVersionDate "2023.10.16"]
[SourceQuality "1"]

1. Nf3 b6 2. c4 Bb7 3. g3 Nf6 4. Bg2 c5 5. 0-0 e6 6. Nc3 Be7 7. d4 cxd4 8. Qxd4 0-0 9. Bf4 d5 10. cxd5 Nxd5 11. Nxd5 Bxd5 12. Rfd1 Nc6 13. Qd3 Bf6 14. e4 Nb4 15. Qe2 Re8 16. exd5 exd5 17. Qd2 Nc6 18. Rac1 Rc8 19. Bg5 Bxg5 20. Nxg5 h6 21. Nf3 Ne5 22. Rxc8 Nxf3+ 23. Bxf3 Qxc8 24. Qxd5 Qc2 25. Qd2 Qg6 26. Kg2 a6 27. Qd6 Re6 28. Qb8+ Kh7 29. Rd8 Qg5 30. h4 1-0

[Event "Titled Tuesday intern op 09th Jan Early"]
[Site "Chess.com INT"]
[Date "2024.01.09"]
[Round "4"]
[White "Acosta Cruz, Oscar Yosimar"]
[Black "Aukhatov, Roman"]
[Result "0-1"]
[WhiteElo "2098"]
[BlackElo "2217"]
[PlyCount "46"]
[EventDate "2024.01.09"]
[EventType "swiss (blitz)"]
[EventRounds "11"]
[EventCountry "USA"]
[SourceTitle "CB03_2024"]
[SourceDate "2024.01.17"]
[SourceVersion "1"]
[SourceVersionDate "2024.01.17"]
[SourceQuality "1"]

1. e4 e5 2. Nf3 Nc6 3. d4 exd4 4. Bc4 Bc5 5. c3 Nf6 6. e5 d5 7. Bb5 Ne4 8. Nxd4 Bd7 9. Bxc6 bxc6 10. 0-0 0-0 11. f3 Ng5 12. f4 Ne4 13. Nd2 Nxd2 14. Bxd2 f6 15. e6 Bxe6 16. f5 Bd7 17. Kh1 Bd6 18. Qg4 Qe8 19. Rae1 Qf7 20. Ne6 Rfe8 21. Bh6 Bxe6 22. fxe6 Qg6 23. Qg5 fxg5 0-1

[Event "Titled Tuesday intern op 16th Aug Early"]
[Site "Chess.com INT"]
[Date "2022.08.16"]
[Round "7"]
[White "Gonzalez Vega, Alejandro"]
[Black "Aukhatov, Roman"]
[Result "0-1"]
[WhiteElo "2092"]
[BlackElo "2281"]
[PlyCount "82"]
[EventDate "2022.08.16"]
[EventType "swiss (blitz)"]
[EventRounds "11"]
[EventCountry "USA"]
[SourceTitle "EXT 2023"]
[Source "ChessBase"]
[SourceDate "2022.10.05"]
[SourceVersion "1"]
[SourceVersionDate "2022.10.05"]
[SourceQuality "1"]

1. e4 c5 2. Nf3 e6 3. c3 Nf6 4. e5 Nd5 5. d4 cxd4 6. cxd4 d6 7. exd6 Bxd6 8. Nc3 Nxc3 9. bxc3 Qc7 10. Bd2 0-0 11. Bd3 b6 12. 0-0 Nd7 13. Qe2 Bb7 14. Rac1 Rfd8 15. h3 Rac8 16. Ng5 Nf8 17. Qh5 h6 18. Ne4 Bf4 19. Qe2 Bxd2 20. Nxd2 Nd7 21. Rfd1 e5 22. Nf3 e4 23. Bxe4 Re8 24. Ne5 Nxe5 25. Bxb7 Nc6 26. Qa6 Nb8 27. Qxa7 Re7 28. c4 Qxb7 29. Qa3 Rd7 30. d5 Na6 31. Qb3 Nc5 32. Qb5 Rd6 33. Rb1 Qd7 34. Qb4 Ra8 35. Rb2 Rg6 36. Re2 Qxh3 37. g3 Rg5 38. d6 Rh5 39. f4 Qxg3+ 40. Rg2 Qe3+ 41. Kf1 Rh1+ 0-1

[Event "Titled Tuesday intern op 01st Mar Late"]
[Site "Chess.com INT"]
[Date "2022.03.01"]
[Round "8"]
[White "Aukhatov, Roman"]
[Black "Landaw, Julian W"]
[Result "1-0"]
[WhiteElo "2281"]
[BlackElo "2318"]
[PlyCount "53"]
[EventDate "2022.03.01"]
[EventType "swiss (blitz)"]
[EventRounds "11"]
[EventCountry "USA"]
[SourceTitle "CBM 207 Extra"]
[Source "ChessBase"]
[SourceDate "2022.05.31"]
[SourceVersion "1"]
[SourceVersionDate "2022.05.31"]
[SourceQuality "1"]

1. Nf3 Nf6 2. c4 e6 3. g3 b6 4. Bg2 Bb7 5. 0-0 Be7 6. Nc3 0-0 7. Re1 Ne4 8. Nxe4 Bxe4 9. d3 Bb7 10. e4 d6 11. d4 Nd7 12. b3 a5 13. Bb2 a4 14. d5 Bf6 15. Nd4 axb3 16. axb3 Rxa1 17. Qxa1 Nc5 18. Re3 e5 19. Nb5 Bg5 20. Rc3 Qd7 21. b4 Na6 22. Rb3 f5 23. Bh3 g6 24. Bc3 Qf7 25. exf5 gxf5 26. Ra3 f4 27. Be6 1-0

[Event "Titled Tuesday intern op 01st Mar Late"]
[Site "Chess.com INT"]
[Date "2022.03.01"]
[Round "3"]
[White "Fus, Jakub"]
[Black "Aukhatov, Roman"]
[Result "0-1"]
[WhiteElo "2384"]
[BlackElo "2281"]
[PlyCount "54"]
[EventDate "2022.03.01"]
[EventType "swiss (blitz)"]
[EventRounds "11"]
[EventCountry "USA"]
[SourceTitle "CBM 207 Extra"]
[Source "ChessBase"]
[SourceDate "2022.05.31"]
[SourceVersion "1"]
[SourceVersionDate "2022.05.31"]
[SourceQuality "1"]

1. Nf3 Nf6 2. c4 c5 3. Nc3 b6 4. g3 Bb7 5. Bg2 e6 6. 0-0 Be7 7. d4 cxd4 8. Qxd4 d6 9. Rd1 a6 10. Ng5 Bxg2 11. Kxg2 0-0 12. Qd3 h6 13. Nge4 Ne8 14. Bf4 Ra7 15. Rd2 f5 16. Nxd6 Rd7 17. Qe3 Bxd6 18. Qxe6+ Rff7 19. Rad1 Bxf4 20. Rxd7 Nxd7 21. gxf4 Qe7 22. Qd5 Nef6 23. Qa8+ Kh7 24. Qxa6 Ne4 25. Nd5 Qh4 26. f3 Qf2+ 27. Kh1 Qxe2 0-1

[Event "Titled Tuesday intern op 22nd Feb Late"]
[Site "Chess.com INT"]
[Date "2022.02.22"]
[Round "4"]
[White "Aukhatov, Roman"]
[Black "Badmatsyrenov, Oleg"]
[Result "0-1"]
[WhiteElo "2281"]
[BlackElo "2437"]
[PlyCount "78"]
[EventDate "2022.02.22"]
[EventType "swiss (blitz)"]
[EventRounds "11"]
[EventCountry "USA"]
[SourceTitle "CBM 207 Extra"]
[Source "ChessBase"]
[SourceDate "2022.05.31"]
[SourceVersion "1"]
[SourceVersionDate "2022.05.31"]
[SourceQuality "1"]

1. Nf3 c5 2. c4 Nf6 3. Nc3 e6 4. g3 b6 5. Bg2 Bb7 6. 0-0 Be7 7. d4 cxd4 8. Qxd4 d6 9. Bg5 a6 10. Bxf6 Bxf6 11. Qf4 Be7 12. Rfd1 0-0 13. Ne4 Bxe4 14. Qxe4 Ra7 15. Nd4 Rc7 16. b3 Re8 17. a4 Bf6 18. Ra2 Nd7 19. Nc6 Qc8 20. Rxd6 Nc5 21. Qf3 a5 22. Rad2 e5 23. Rxf6 e4 24. Qh5 gxf6 25. Nd4 Re5 26. Qh6 Rd7 27. Bh3 e3 28. Bxd7 exd2 29. Qxd2 Qxd7 30. e3 Ne4 31. Qe2 Ng5 32. h4 Qxd4 33. hxg5 Qa1+ 34. Kg2 Rxg5 35. Qf3 Kg7 36. Qc6 h5 37. Qxb6 h4 38. c5 h3+ 39. Kh2 Qf1 0-1

[Event "Titled Tuesday intern op 22nd Feb Late"]
[Site "Chess.com INT"]
[Date "2022.02.22"]
[Round "6"]
[White "Aukhatov, Roman"]
[Black "Wan, Joseph C"]
[Result "0-1"]
[WhiteElo "2281"]
[BlackElo "2106"]
[PlyCount "114"]
[EventDate "2022.02.22"]
[EventType "swiss (blitz)"]
[EventRounds "11"]
[EventCountry "USA"]
[SourceTitle "CBM 207 Extra"]
[Source "ChessBase"]
[SourceDate "2022.05.31"]
[SourceVersion "1"]
[SourceVersionDate "2022.05.31"]
[SourceQuality "1"]

1. Nf3 g6 2. e4 Bg7 3. d4 d6 4. c3 Nf6 5. Bd3 0-0 6. 0-0 Nbd7 7. Re1 e5 8. Nbd2 c6 9. b4 Qc7 10. a4 Re8 11. a5 d5 12. exd5 cxd5 13. dxe5 Nxe5 14. Nxe5 Rxe5 15. Nf3 Rxe1+ 16. Qxe1 Bg4 17. Bd2 Re8 18. Qf1 Ne4 19. Bxe4 dxe4 20. Nd4 Qe5 21. Be3 h5 22. h3 Bd7 23. c4 f5 24. g3 Qd6 25. c5 Qf6 26. h4 a6 27. Rd1 Ba4 28. Rd2 Kh7 29. Qa1 Bd7 30. Qd1 f4 31. Bxf4 Bg4 32. Qe1 Rd8 33. Bg5 Qxd4 34. Bxd8 Qxb4 35. Qc1 e3 36. fxe3 Qe4 37. Bg5 Be5 38. Bf4 Bg7 39. Rd8 Bh3 40. Qd2 Qf3 41. Qf2 Qc6 42. Kh2 Bg4 43. Bd6 Be6 44. Rf8 Bxf8 45. Qxf8 Qd5 46. Qe7+ Kg8 47. Qd8+ Kh7 48. Qc7+ Bf7 49. e4 Qd2+ 50. Kh3 Qf2 51. Bf4 Qf1+ 52. Kh2 Qf2+ 53. Kh1 Kg8 54. Qd8+ Kh7 55. Qd2 Qf3+ 56. Kh2 Qxe4 57. Qb2 Bd5 0-1

[Event "Titled Tuesday intern op 22nd Feb Late"]
[Site "Chess.com INT"]
[Date "2022.02.22"]
[Round "1"]
[White "Liang, Jason"]
[Black "Aukhatov, Roman"]
[Result "0-1"]
[WhiteElo "2419"]
[BlackElo "2281"]
[PlyCount "82"]
[EventDate "2022.02.22"]
[EventType "swiss (blitz)"]
[EventRounds "11"]
[EventCountry "USA"]
[SourceTitle "CBM 207 Extra"]
[Source "ChessBase"]
[SourceDate "2022.05.31"]
[SourceVersion "1"]
[SourceVersionDate "2022.05.31"]
[SourceQuality "1"]

1. c3 Nf6 2. d4 d5 3. Bf4 c5 4. e3 Qb6 5. Qb3 c4 6. Qc2 Nc6 7. Nd2 Bg4 8. e4 e6 9. Ngf3 Be7 10. Ne5 Bh5 11. f3 Nxe5 12. Bxe5 0-0 13. Be2 Rfc8 14. 0-0 Qd8 15. Rae1 b5 16. f4 Bxe2 17. Rxe2 Nxe4 18. Nxe4 dxe4 19. Qxe4 f6 20. f5 exf5 21. Qxf5 fxe5 22. Qxe5 Bf6 23. Qe6+ Kh8 24. Rf5 a6 25. Re4 Qe8 26. Qd5 Qg6 27. Re6 Rd8 28. Qe4 Re8 29. g4 Rad8 30. d5 Rxe6 31. dxe6 Re8 32. Kf2 h6 33. Kf3 Re7 34. Qa8+ Qe8 35. Qxa6 Rxe6 36. Qb7 Re3+ 37. Kf2 Re2+ 38. Kg3 Qe3+ 39. Rf3 Be5+ 40. Kh4 Rxh2+ 41. Rh3 Rxh3# 0-1

[Event "Titled Tuesday intern op 22nd Feb Late"]
[Site "Chess.com INT"]
[Date "2022.02.22"]
[Round "7"]
[White "Zhou, Qiyu"]
[Black "Aukhatov, Roman"]
[Result "0-1"]
[WhiteElo "2218"]
[BlackElo "2281"]
[PlyCount "84"]
[EventDate "2022.02.22"]
[EventType "swiss (blitz)"]
[EventRounds "11"]
[EventCountry "USA"]
[SourceTitle "CBM 207 Extra"]
[Source "ChessBase"]
[SourceDate "2022.05.31"]
[SourceVersion "1"]
[SourceVersionDate "2022.05.31"]
[SourceQuality "1"]

1. e4 c5 2. Nf3 e6 3. d4 cxd4 4. Nxd4 a6 5. c4 Qc7 6. Nc3 b6 7. Bd3 Bb7 8. Be3 Nf6 9. f3 Be7 10. 0-0 0-0 11. Rc1 d6 12. Qe2 Nbd7 13. Rfd1 Rac8 14. b3 Qb8 15. Qf2 Rfe8 16. Nde2 Bd8 17. Na4 Bc6 18. Nb2 Bc7 19. g3 h5 20. Bg5 Ba8 21. Nd4 e5 22. Nf5 b5 23. Be3 Nc5 24. Bf1 Ne6 25. Rd3 bxc4 26. Nxc4 d5 27. Ba7 Qb4 28. a3 Qf8 29. exd5 Bxd5 30. Nce3 Bb7 31. Rdc3 e4 32. f4 g6 33. Nd4 Nxd4 34. Bxd4 Nd5 35. Nxd5 Bxd5 36. Rxc7 Rxc7 37. Rxc7 e3 38. Bxe3 Qd6 39. Rc1 Qe6 40. Re1 Rc8 41. Bd4 Qg4 42. Qe3 f6 0-1

[Event "Titled Tuesday intern op 25th Jan"]
[Site "Chess.com INT"]
[Date "2022.01.25"]
[Round "6"]
[White "Aukhatov, Roman"]
[Black "Christensen, Thomas1111"]
[Result "1-0"]
[WhiteElo "2281"]
[BlackElo "2153"]
[PlyCount "97"]
[EventDate "2022.01.25"]
[EventType "swiss (blitz)"]
[EventRounds "11"]
[EventCountry "USA"]
[SourceTitle "CBM 206 Extra"]
[Source "ChessBase"]
[SourceDate "2022.03.31"]
[SourceVersion "1"]
[SourceVersionDate "2022.03.31"]
[SourceQuality "1"]

1. Nf3 Nc6 2. d4 e5 3. d5 e4 4. Ng5 Ne5 5. Nxe4 d6 6. Ng3 f5 7. e3 Nf6 8. c4 Be7 9. Nc3 0-0 10. Be2 a6 11. 0-0 g5 12. b3 Ng6 13. Bb2 f4 14. Nge4 h6 15. Bh5 Bf5 16. Nxf6+ Bxf6 17. e4 Bd7 18. Bxg6 Be5 19. Qh5 Kg7 20. Nd1 Bxb2 21. Nxb2 Qf6 22. Bf5 Bxf5 23. exf5 Qxb2 24. Qg6+ Kh8 25. Qxh6+ Kg8 26. Qxg5+ Qg7 27. Qxf4 Rae8 28. Rae1 Qf6 29. Qg4+ Qg7 30. Qxg7+ Kxg7 31. g4 Kf6 32. Kg2 Rg8 33. Kg3 a5 34. Re6+ Kf7 35. Rfe1 Rxe6 36. fxe6+ Ke7 37. f4 c6 38. g5 cxd5 39. cxd5 b5 40. Kg4 Rc8 41. Re4 Rc2 42. f5 Rg2+ 43. Kh5 Rxh2+ 44. Kg6 a4 45. f6+ Ke8 46. bxa4 bxa4 47. Rxa4 Kd8 48. Ra7 Rh8 49. Ra8+ 1-0

[Event "Titled Tuesday intern op 25th Jan"]
[Site "Chess.com INT"]
[Date "2022.01.25"]
[Round "2"]
[White "Klepikov, Nikita"]
[Black "Aukhatov, Roman"]
[Result "1-0"]
[WhiteElo "2148"]
[BlackElo "2281"]
[PlyCount "105"]
[EventDate "2022.01.25"]
[EventType "swiss (blitz)"]
[EventRounds "11"]
[EventCountry "USA"]
[SourceTitle "CBM 206 Extra"]
[Source "ChessBase"]
[SourceDate "2022.03.31"]
[SourceVersion "1"]
[SourceVersionDate "2022.03.31"]
[SourceQuality "1"]

1. e4 e5 2. Nf3 Nc6 3. Bb5 Nf6 4. Qe2 Bc5 5. c3 Qe7 6. d3 h6 7. Nbd2 a5 8. Nc4 d6 9. 0-0 0-0 10. Nh4 Nxe4 11. Qxe4 f5 12. Nxf5 Bxf5 13. Qe2 Na7 14. d4 Nxb5 15. dxc5 dxc5 16. Nxe5 Nd6 17. Bf4 c4 18. Rfe1 Bd3 19. Qg4 Qf6 20. Bg3 Bf5 21. Qd4 Rad8 22. Qc5 Ne4 23. Qxc4+ Kh8 24. Rxe4 Bxe4 25. Qxe4 Rfe8 26. Re1 c6 27. h4 Kg8 28. Qc4+ Rd5 29. Re3 Kh8 30. Ng4 Qd8 31. Rxe8+ Qxe8 32. Ne3 b5 33. Qf4 Rd7 34. Qf5 a4 35. Be5 Re7 36. Ng4 Rf7 37. Qg6 Kg8 38. Nxh6+ Kf8 39. Nxf7 Qxf7 40. Qxf7+ Kxf7 41. Bd4 g6 42. g4 Ke6 43. Bc5 Kd5 44. Bf8 c5 45. b3 a3 46. h5 b4 47. cxb4 c4 48. bxc4+ Kxc4 49. hxg6 Kc3 50. b5 Kb2 51. Bxa3+ Kxa2 52. b6 Kxa3 53. b7 1-0

[Event "Titled Tuesday intern op 11th Jan"]
[Site "Chess.com INT"]
[Date "2022.01.11"]
[Round "7"]
[White "Senthil, Maran K"]
[Black "Aukhatov, Roman"]
[Result "1-0"]
[WhiteElo "2208"]
[BlackElo "2281"]
[PlyCount "73"]
[EventDate "2022.01.11"]
[EventType "swiss (blitz)"]
[EventRounds "11"]
[EventCountry "USA"]
[SourceTitle "CBM 206 Extra"]
[Source "ChessBase"]
[SourceDate "2022.03.31"]
[SourceVersion "1"]
[SourceVersionDate "2022.03.31"]
[SourceQuality "1"]

1. d4 d5 2. Nf3 Nf6 3. g3 c5 4. c4 dxc4 5. Qa4+ Nc6 6. dxc5 Qa5+ 7. Qxa5 Nxa5 8. Bg2 e6 9. Be3 Ne4 10. Nbd2 Nxc5 11. Rc1 Bd7 12. Nxc4 Nxc4 13. Rxc4 Na4 14. b3 Nb6 15. Rc2 Bb4+ 16. Bd2 Bxd2+ 17. Nxd2 Rc8 18. Rxc8+ Bxc8 19. 0-0 Ke7 20. Rc1 Rd8 21. Ne4 h6 22. Kf1 e5 23. Ke1 Nd5 24. Nc5 b6 25. Nd3 Be6 26. Nxe5 Nb4 27. a3 f6 28. Ng6+ Kf7 29. Nf4 Na2 30. Rc7+ Rd7 31. Nxe6 Kxe6 32. Bh3+ f5 33. Bxf5+ Kxf5 34. Rxd7 Nc1 35. b4 Nb3 36. Rxa7 Nd4 37. Kd1 1-0

[Event "Satka Magnezit 120 op"]
[Site "Satka"]
[Date "2021.07.12"]
[Round "9"]
[White "Aukhatov, Roman"]
[Black "Kozlov, Denis1111"]
[Result "1/2-1/2"]
[WhiteElo "2338"]
[BlackElo "2156"]
[PlyCount "198"]
[EventDate "2021.07.06"]
[EventType "swiss"]
[EventRounds "9"]
[EventCountry "RUS"]
[SourceTitle "CBM 203 Extra"]
[Source "ChessBase"]
[SourceDate "2021.09.30"]
[SourceVersion "1"]
[SourceVersionDate "2021.09.30"]
[SourceQuality "1"]

1. Nf3 Nf6 2. c4 g6 3. Nc3 d5 4. cxd5 Nxd5 5. Qb3 Nb6 6. d4 Bg7 7. Bf4 Be6 8. Qc2 Nc6 9. e3 Nb4 10. Qc1 0-0 11. a3 N4d5 12. Be5 Bxe5 13. Nxe5 Nxc3 14. Qxc3 Qd5 15. h4 f6 16. Nd3 Qd6 17. Rc1 Nd5 18. Qd2 Bf7 19. e4 Nb6 20. Nc5 Rab8 21. Be2 Rfd8 22. 0-0 e5 23. d5 c6 24. Rfd1 cxd5 25. exd5 Nxd5 26. h5 Nf4 27. Qe1 Qe7 28. Bf3 Rxd1 29. Qxd1 Rd8 30. Qa4 Bd5 31. Bxd5+ Rxd5 32. Qc4 Qf7 33. g3 Rd1+ 34. Kh2 Rxc1 35. Qxc1 Nxh5 36. Qd1 Kg7 37. Qd6 Kh6 38. Nd7 b6 39. g4 Nf4 40. Nxf6 Qb7 41. Ng8+ Kg7 42. Qxe5+ Kxg8 43. Qxf4 Qf7 44. Qe3 Qd7 45. Kg3 Kf7 46. Qe5 Qd3+ 47. f3 Qd7 48. a4 Qxa4 49. Qh8 Qb4 50. Qxh7+ Kf6 51. Qh8+ Kf7 52. Qe5 Qe7 53. Qd4 Qe1+ 54. Kf4 Qc1+ 55. Ke4 Qc2+ 56. Ke3 Qc1+ 57. Kf2 Qc2+ 58. Kg3 Qc1 59. Qd7+ Kf6 60. Qd4+ Kf7 61. b4 Qe1+ 62. Kf4 Qc1+ 63. Kg3 Qc7+ 64. f4 a5 65. bxa5 bxa5 66. g5 Kg8 67. Qd5+ Kg7 68. Qd4+ Kh7 69. Kh4 Qb7 70. Qd1 Qc6 71. Qe1 Qc7 72. Kg3 a4 73. Qh1+ Kg7 74. Qh6+ Kg8 75. Qxg6+ Kf8 76. Qf5+ Qf7 77. Qc5+ Qe7 78. Qc8+ Qe8 79. Qa6 Kg7 80. Kh4 Qe1+ 81. Kg4 Qd1+ 82. Kg3 Qe1+ 83. Kf3 Qc3+ 84. Ke4 a3 85. Qb7+ Kf8 86. Qa8+ Kg7 87. Qa7+ Kf8 88. Qa8+ Kg7 89. f5 Qc4+ 90. Kf3 Qf1+ 91. Kg4 Qc4+ 92. Kg3 a2 93. Qa7+ Kg8 94. Qa8+ Kg7 95. Qa7+ Kg8 96. Qb8+ Kh7 97. Qb7+ Kg8 98. Qb8+ Kh7 99. Qb7+ Kg8 1/2-1/2

[Event "Satka Magnezit 120 op"]
[Site "Satka"]
[Date "2021.07.07"]
[Round "3"]
[White "Aukhatov, Roman"]
[Black "Pankov, Daniil"]
[Result "1/2-1/2"]
[WhiteElo "2338"]
[BlackElo "1976"]
[PlyCount "90"]
[EventDate "2021.07.06"]
[EventType "swiss"]
[EventRounds "9"]
[EventCountry "RUS"]
[SourceTitle "CBM 203 Extra"]
[Source "ChessBase"]
[SourceDate "2021.09.30"]
[SourceVersion "1"]
[SourceVersionDate "2021.09.30"]
[SourceQuality "1"]

1. Nf3 d5 2. d4 Nf6 3. c4 c6 4. Qc2 g6 5. Bf4 dxc4 6. Qxc4 Be6 7. Qa4 Bg7 8. Nc3 Nd5 9. Nxd5 Bxd5 10. e3 Nd7 11. Be2 0-0 12. 0-0 Re8 13. Rfd1 Qb6 14. Qc2 e5 15. dxe5 Nxe5 16. Nxe5 Bxe5 17. Bxe5 Rxe5 18. b3 Rd8 19. Qc3 Re6 20. Rd2 Ree8 21. Rad1 Be6 22. e4 Rxd2 23. Qxd2 Re7 24. Qd8+ Qxd8 25. Rxd8+ Kg7 26. f4 Rd7 27. Rxd7 Bxd7 28. Kf2 c5 29. a4 Kf6 30. Ke3 Ke7 31. g4 Be6 32. Bd1 f6 33. h4 h6 34. g5 hxg5 35. hxg5 fxg5 36. fxg5 Kd6 37. Kf4 a5 38. Bc2 Bf7 39. e5+ Ke7 40. Ke3 b6 41. Kf4 Kd7 42. Bd3 Bxb3 43. Bxg6 Ke7 44. Bh7 Bxa4 45. Bg8 Bc2 1/2-1/2

[Event "Satka Magnezit 120 op"]
[Site "Satka"]
[Date "2021.07.07"]
[Round "2"]
[White "Kolyubaev, Gordey"]
[Black "Aukhatov, Roman"]
[Result "1/2-1/2"]
[WhiteElo "1922"]
[BlackElo "2338"]
[PlyCount "83"]
[EventDate "2021.07.06"]
[EventType "swiss"]
[EventRounds "9"]
[EventCountry "RUS"]
[SourceTitle "CBM 203 Extra"]
[Source "ChessBase"]
[SourceDate "2021.09.30"]
[SourceVersion "1"]
[SourceVersionDate "2021.09.30"]
[SourceQuality "1"]

1. d4 Nf6 2. Bf4 d5 3. e3 c5 4. c3 Qb6 5. Qb3 c4 6. Qc2 Nc6 7. b3 cxb3 8. axb3 Bg4 9. h3 Bh5 10. Bd3 Rc8 11. Qb2 e6 12. Nd2 Be7 13. Ngf3 Na5 14. Ne5 Bg6 15. 0-0 Bxd3 16. Nxd3 Ne4 17. Nxe4 dxe4 18. Nc1 0-0 19. Qa2 Nc6 20. Ne2 a6 21. Rac1 Rfd8 22. Rfd1 Rd5 23. c4 Ra5 24. Qb1 Ba3 25. c5 Qd8 26. Rc4 f5 27. b4 Bxb4 28. Rxb4 Nxb4 29. Qxb4 Rcxc5 30. Qxb7 Qc8 31. Qe7 Rd5 32. Be5 Qd7 33. Qxd7 Rxd7 34. Rc1 g5 35. Rc8+ Kf7 36. Rh8 Ra2 37. Rxh7+ Ke8 38. Rh8+ Kf7 39. Rh7+ Ke8 40. Rh8+ Kf7 41. Ng3 Rd5 42. Nh5 1/2-1/2

[Event "Samara Polugaevsky Memorial 9th"]
[Site "Samara"]
[Date "2019.07.14"]
[Round "5"]
[White "Kuderinov, Kirill"]
[Black "Aukhatov, Roman"]
[Result "0-1"]
[WhiteElo "2439"]
[BlackElo "2119"]
[PlyCount "110"]
[EventDate "2019.07.10"]
[EventType "swiss"]
[EventRounds "9"]
[EventCountry "RUS"]
[SourceTitle "EXT 2020"]
[Source "ChessBase"]
[SourceDate "2019.10.17"]
[SourceVersion "1"]
[SourceVersionDate "2019.10.17"]
[SourceQuality "1"]

1. e4 c5 2. Nf3 e6 3. d4 cxd4 4. Nxd4 a6 5. Bd3 Qc7 6. 0-0 Nf6 7. Nc3 Nc6 8. Nxc6 bxc6 9. f4 d5 10. Kh1 Be7 11. e5 Nd7 12. Na4 c5 13. c4 dxc4 14. Be4 Bb7 15. Qc2 Bd5 16. Nc3 Nb6 17. f5 Bxe4 18. Nxe4 Qxe5 19. Bf4 Qd5 20. Rad1 Qc6 21. Nd6+ Bxd6 22. Rxd6 Qb7 23. Be5 0-0 24. f6 Nd7 25. fxg7 Rfd8 26. Qd2 Qc7 27. Rd1 Re8 28. Bc3 Nb6 29. Ba5 Rab8 30. Qf2 Red8 31. Rxd8+ Rxd8 32. Rf1 Rd7 33. h3 Qd6 34. Qf3 Nd5 35. Qe4 f5 36. Qe2 Rxg7 37. Bd2 Nf6 38. Bf4 Qd5 39. Rd1 Qe4 40. Rd8+ Kf7 41. Qf2 Rg6 42. Bd6 Qd4 43. Qf3 Ne4 44. Bc7 Qxb2 45. Kg1 c3 46. Be5 Qxa2 47. Rd7+ Ke8 48. Rxh7 c2 49. Rh8+ Kf7 50. Rh7+ Kf8 51. Rh8+ Rg8 52. Bd6+ Nxd6 53. Qa8+ Ke7 54. Rh7+ Kf6 55. Rh6+ Ke5 0-1